000 00818nam a22002297a 4500
001 13511
005 20260326083940.0
008 260326b |||||||| |||| 00| 0 eng d
020 _a9789970027651
040 _aBSULIB
082 _222
_a658.93
_bFAR
245 _aSelf assessment manual [for] Farming as a business /
_cEli Katunguka-Rwakishaya, Jason Ndikuwera and chris M. Rubaire-Akiiki (editors)
250 _b1st ed.
260 _aKampala [Uganda] :
_bMakerere University,
_c2008.
300 _avii, 112 p.:
_bcol. ill.;
_c20 cm.
440 _aFountain improved farming guide series
_95599
650 _2Business
_afarming business
_926385
700 _aKatunguka-rwakishaya, E. (editor)
_926386
700 _aNdikuwera, J. (editor)
_926387
700 _aRubaire-Akiiki, C.M. (editor)
_926388
942 _2ddc
_cBK
999 _c13511
_d13511